| 000 | 00556nam a2200217Ia 4500 | ||
|---|---|---|---|
| 003 | OSt | ||
| 005 | 20250830090056.0 | ||
| 008 | 210210b2010 xxu||||| |||| 00| 0 eng d | ||
| 020 | _a9780375429767 | ||
| 040 | _cAL | ||
| 041 | _aeng | ||
| 082 | _a658.002 MARP | ||
| 100 |
_aGeoff Martz _9237903 |
||
| 245 |
_aPrinceton review _b: cracking the GMAT with DVD Ed 2011 |
||
| 260 |
_aNew York _bRandom House _c2010 |
||
| 300 | _av,594p | ||
| 690 |
_aManagement Entrance _9237913 |
||
| 700 |
_aAdam Robinson _9237914 |
||
| 906 | _a065342 | ||
| 942 |
_2ddc _cBK |
||
| 999 |
_c142044 _d142044 |
||